=LDR 00000nam 2200000 4500 =001 INLIS000000000011804 =005 20200227075251 =035 ##$$a 0010-061300000011804 =008 200227################g##########0#ind## =041 ##$$a Ind =082 ##$$a 170.095 982 =090 ##$$a 170.095 982, End k =100 ##$$a Endraswara, Suardi =245 1#$$a Budi pekerti dalam budaya Jawa /$c Suardi Endranswara =260 ##$$a Jogjakarta :$b Hanindita Graha Widya,$c 2003 =300 ##$$a vi,202 hlm. ; $c 19 x 14 =650 #4$$a Etika - Jawa =850 ##$$a NBPNMAT =020 ##$$a 979-8849-29-9 =084 ##$$a 170.095 982 END b =990 ##$$a 10401465 =990 ##$$a 10401466 =990 ##$$a 10401467 =990 ##$$a 10401468